[Event "Mittelfranken-ch NT 58th"]
[Site "Postbauer"]
[Date "2009.04.10"]
[Round "5"]
[White "Dreiseitel, Werner"]
[Black "Schmidt, Marco"]
[Result "1-0"]
[WhiteElo "1397"]
[BlackElo "1160"]
[PlyCount "27"]
[EventDate "2009.04.08"]
[EventType "swiss"]
[EventRounds "7"]
[EventCountry "GER"]
[SourceTitle "EXT 2015"]
[Source "ChessBase"]
[SourceDate "2014.11.20"]
[SourceVersion "1"]
[SourceVersionDate "2014.11.20"]
[SourceQuality "1"]

1. d4 d5 2. c4 e6 3. Nc3 Nf6 4. Nf3 Be7 5. Bf4 0-0 6. e3 a6 7. Qc2 Nbd7 8. cxd5 exd5 9. h3 Re8 10. Bd3 g6 11. h4 Nh5 12. Nxd5 c6 13. Bc7 Bb4+ 14. Kf1 1-0